000 00458nam a2200181Ia 4500
008 170705s9999 xx 000 0 und d
020 _a9780590461924
245 _aWho am I? /
245 _cNancy Christensen ; illustrated by Rowan Barnes-Murphy.
260 _aNew York :
260 _bScholastic,
260 _c1993
300 _aunpaged :
300 _bcolor illustration ;
300 _c23cm.
440 _aHello reader level 1.
500 _aBR
999 _c335298
_d335298